[Event "XXVIII C.to Italiano a squadre"]
[Site "ITA"]
[Date "1996.??.??"]
[Round "3"]
[White "Ferretti, Folco"]
[Black "Castelfranchi, Carlo"]
[WhiteElo "2285"]
[BlackElo "2270"]
[Result "1/2-1/2"]
[PlyCount "83"]
[EventDate "1996.02.25"]

1. e4 Nf6 2. e5 Nd5 3. g3 d6 4. exd6 Qxd6 5. Bg2 c5 6. d3 Nc6 7. Nd2 e6 8. Ngf3
Be7 9. O-O O-O 10. Re1 b6 11. Ne4 Qc7 12. Bd2 Bb7 13. Nc3 Nd4 14. Nxd4 cxd4 15.
Nxd5 Bxd5 16. c4 dxc3 17. Bxc3 Rfd8 18. Qg4 Bf8 19. Bf6 Rd7 20. Rac1 Qb7 21.
Be4 g6 22. Qf4 Bg7 23. Rc2 Bxf6 24. Qxf6 Rad8 25. Rec1 Bxe4 26. Rc7 Qb8 27.
Rxd7 Rxd7 28. dxe4 Qd8 29. Qxd8+ Rxd8 30. Rc7 Rd2 31. Rxa7 Rxb2 32. Kg2 Kg7 33.
a4 Kf6 34. a5 bxa5 35. Rxa5 g5 36. g4 Kg6 37. Ra7 Re2 38. Kf3 Re1 39. Rb7 Rg1
40. h3 Ra1 41. Kg3 Ra3+ 42. Kg2 1/2-1/2

[Event "XXVIII C.to Italiano a squadre"]
[Site "ITA"]
[Date "1996.??.??"]
[Round "3"]
[White "Gaido, Paolo"]
[Black "Anceschi, Vittorio"]
[WhiteElo "2160"]
[BlackElo "2285"]
[Result "1-0"]
[PlyCount "133"]
[EventDate "1996.02.25"]

1. e4 e6 2. d4 d5 3. e5 c5 4. c3 Qb6 5. Nf3 Bd7 6. Bd3 Bb5 7. O-O Bxd3 8. Qxd3
Nd7 9. Re1 Ne7 10. Nbd2 Nc6 11. a3 cxd4 12. cxd4 a5 13. b3 Be7 14. Nf1 Qa6 15.
Qd1 Nb6 16. Bg5 Bxg5 17. Nxg5 h6 18. Nh3 a4 19. Re3 Ne7 20. Ng3 Rc8 21. Nf4
axb3 22. Rxb3 Nc4 23. Qg4 g6 24. Qd1 b6 25. Rab1 Qa5 26. Nf1 Nf5 27. Qd3 h5 28.
h3 Rc6 29. Rd1 Qa4 30. Ne3 Ncxe3 31. fxe3 Qc4 32. Qb1 O-O 33. Rxb6 Rxb6 34.
Qxb6 Nxe3 35. Re1 Qc3 36. Qb4 Qxb4 37. axb4 Nc2 38. Rb1 Nxd4 39. b5 Rb8 40. b6
Nc6 41. Nd3 Kf8 42. Kf2 Ke7 43. Ke3 Nd8 44. Nb4 Rc8 45. Ra1 Rc3+ 46. Kd2 Rb3
47. Ra7+ Ke8 48. Ra4 Nb7 49. Kc2 Rxb4 50. Rxb4 Kd7 51. Kc3 Kc6 52. Kd4 Nd8 53.
Rb1 Nb7 54. Ke3 Nd8 55. Kf4 Kb7 56. Kg5 Nc6 57. Kf6 d4 58. Kxf7 Nxe5+ 59. Kxe6
Nc4 60. Kd5 Ne3+ 61. Kxd4 Nxg2 62. Kc5 Nf4 63. Rg1 g5 64. Kb5 Ne6 65. Rd1 Nf8
66. Rd5 Ne6 67. Rd7+ 1-0

[Event "XXVIII C.to Italiano a squadre"]
[Site "ITA"]
[Date "1996.??.??"]
[Round "3"]
[White "Gregoratti, Ivaldi"]
[Black "De Eccher, Stefano"]
[WhiteElo "1945"]
[BlackElo "2280"]
[Result "0-1"]
[PlyCount "52"]
[EventDate "1996.02.25"]

1. e4 c5 2. Nf3 d6 3. d4 cxd4 4. Nxd4 Nf6 5. Nc3 g6 6. Be3 Bg7 7. f3 O-O 8. Qd2
Nc6 9. Bc4 Bd7 10. h4 Ne5 11. Bb3 Qa5 12. h5 Nxh5 13. g4 Nf6 14. Bh6 Bxh6 15.
Qxh6 Rfc8 16. O-O-O Rxc3 17. bxc3 Qxc3 18. Kb1 Nc4 19. Qc1 Rc8 20. Rd3 Qb4 21.
g5 Nh5 22. Nf5 Bxf5 23. exf5 Nf4 24. fxg6 Nxd3 25. gxf7+ Kf8 26. cxd3 Nd2+ 0-1

[Event "XXVIII C.to Italiano a squadre"]
[Site "ITA"]
[Date "1996.??.??"]
[Round "3"]
[White "Iotti, Pierluigi"]
[Black "Calavalle, Giulio"]
[WhiteElo "2285"]
[BlackElo "2116"]
[Result "1-0"]
[PlyCount "119"]
[EventDate "1996.02.25"]

1. d4 f5 2. g3 g6 3. Bg2 Nf6 4. Nf3 Bg7 5. O-O O-O 6. c4 c6 7. Nc3 Qe8 8. Re1
d6 9. d5 c5 10. Qd3 Nbd7 11. e4 Ng4 12. exf5 Nde5 13. Nxe5 Nxe5 14. Qe2 Bxf5
15. f4 Nd3 16. Rf1 Qd7 17. Be3 Nb4 18. Ne4 Bg4 19. Qd2 Qa4 20. Rfc1 Rae8 21. h3
Bc8 22. g4 Na6 23. Qc2 Qa5 24. Bd2 Bd4+ 25. Kh2 Qb6 26. Rab1 Qd8 27. Rf1 Nc7
28. Ng5 e6 29. dxe6 Bxe6 30. Nxe6 Rxe6 31. Rbe1 Rfe8 32. Bc3 Rxe1 33. Rxe1 Rxe1
34. Bxe1 Qe7 35. Bf2 Ne6 36. Bd5 Kg7 37. Bg3 Nd8 38. b3 Qe3 39. Qg2 Nf7 40. h4
a6 41. g5 h6 42. Qf3 Qxf3 43. Bxf3 hxg5 44. hxg5 Nd8 45. Bd5 Be3 46. Kg2 Kf8
47. Kf3 Bd2 48. Kg4 Nf7 49. a4 Ke7 50. Bxf7 Kxf7 51. f5 Ke7 52. fxg6 Bc3 53. g7
Bxg7 54. Kf5 Bd4 55. Bh4 Kd7 56. g6 Bg7 57. Bf6 Bh6 58. g7 Bxg7 59. Bxg7 Kc6
60. Ke6 1-0

[Event "XXVIII C.to Italiano a squadre"]
[Site "ITA"]
[Date "1996.??.??"]
[Round "3"]
[White "Martorelli, Antonio"]
[Black "Satta, Vladimiro"]
[WhiteElo "2305"]
[BlackElo "2290"]
[Result "0-1"]
[PlyCount "116"]
[EventDate "1996.02.25"]

1. e4 d6 2. d4 Nf6 3. Nc3 c6 4. h3 g6 5. Nf3 Bg7 6. Be3 O-O 7. Qd2 b5 8. e5
dxe5 9. dxe5 Qxd2+ 10. Nxd2 Nfd7 11. f4 f6 12. a4 b4 13. Bc4+ Kh8 14. Nd5 fxe5
15. Nc7 exf4 16. Bf2 Bxb2 17. Rb1 Be5 18. Nxa8 Bb7 19. O-O c5 20. Rfe1 Bxa8 21.
Bxc5 Nc6 22. Bf2 Bc3 23. Red1 Nf6 24. Bb5 Nd4 25. Bd3 e5 26. Kf1 Nd5 27. Ne4
Ne3+ 28. Bxe3 fxe3+ 29. Kg1 Bxe4 30. Bxe4 e2 31. Rdc1 Rf4 32. Bd3 e4 33. Bc4 e3
34. Bd3 Kg7 35. a5 Kf6 36. Kh2 Rf2 37. Kg3 Ke5 38. h4 Nf5+ 39. Kh3 Kf4 40. a6
Nd4 41. h5 gxh5 42. Bxh7 Ne6 43. Bd3 Ng5+ 44. Kh4 Rxg2 45. Kxh5 Nf3 46. Bxe2
Rh2+ 47. Kg6 Ne5+ 48. Kf6 Nd3+ 49. Ke6 Nxc1 50. Bb5 e2 51. Bxe2 Rxe2+ 52. Kd5
Rxc2 53. Kc4 Bd2+ 54. Kb5 b3 55. Ka4 Ra2+ 56. Kb5 Ra5+ 57. Kc6 Rxa6+ 58. Kb7
Ra2 0-1

[Event "XXVIII C.to Italiano a squadre"]
[Site "ITA"]
[Date "1996.??.??"]
[Round "3"]
[White "Negrini, Claudio"]
[Black "Vezzosi, Paolo"]
[WhiteElo "2310"]
[BlackElo "2310"]
[Result "1-0"]
[PlyCount "35"]
[EventDate "1996.02.25"]

1. e4 e5 2. Bc4 Nf6 3. d4 exd4 4. Nf3 Nxe4 5. Qxd4 Nf6 6. Bg5 Nc6 7. Qh4 Bb4+
8. Nc3 d6 9. O-O Bxc3 10. bxc3 O-O 11. Bd3 h6 12. Bxh6 gxh6 13. Qxh6 Ne5 14.
Nxe5 dxe5 15. Rad1 Qe7 16. Rfe1 Re8 17. Re3 Qe6 18. Rg3+ 1-0

[Event "XXVIII C.to Italiano a squadre"]
[Site "ITA"]
[Date "1996.??.??"]
[Round "3"]
[White "Tassi, Oliviero"]
[Black "Steinfl, Alessandro"]
[WhiteElo "2315"]
[BlackElo "2255"]
[Result "1/2-1/2"]
[PlyCount "131"]
[EventDate "1996.02.25"]

1. Nf3 c5 2. c4 Nc6 3. g3 g6 4. Bg2 Bg7 5. O-O e5 6. Nc3 Nge7 7. d3 O-O 8. Rb1
d6 9. a3 f5 10. Nd5 Nxd5 11. cxd5 Ne7 12. b4 cxb4 13. Rxb4 h6 14. Nd2 Kh7 15.
Nc4 f4 16. Bb2 b6 17. a4 Bb7 18. Rb5 Ba6 19. Rb4 Rc8 20. Qb3 Rc5 21. Na3 Bb7
22. Rb5 Bxd5 23. Bxd5 Nxd5 24. Rxc5 dxc5 25. Nc4 fxg3 26. hxg3 Qg5 27. e3 Ne7
28. Nd2 Qg4 29. Ne4 Qd7 30. a5 Qd5 31. Qb5 Nc8 32. axb6 axb6 33. Nc3 Qf3 34.
Qd7 Rf5 35. Qd5 Qxd5 36. Nxd5 Rf7 37. Ra1 b5 38. Ra8 Nd6 39. Rd8 Nb7 40. Re8
Nd6 41. Re6 Nf5 42. Rc6 c4 43. dxc4 bxc4 44. Rxc4 Rd7 45. e4 Nd6 46. Rb4 Nxe4
47. Rxe4 Rxd5 48. Re2 g5 49. g4 Kg6 50. Kg2 h5 51. gxh5+ Kxh5 52. Kf3 Rb5 53.
Kg3 Rb3+ 54. Kg2 Rb5 55. Bc3 Kg4 56. Re3 Kf5 57. Rf3+ Ke6 58. Rg3 Bf6 59. Kh3
Rc5 60. Re3 Bd8 61. Kg4 Rc4+ 62. Kh3 Bc7 63. Kg2 Kf5 64. Bd2 Bb6 65. Rf3+ Kg4
66. Rg3+ 1/2-1/2

[Event "XXVIII C.to Italiano a squadre"]
[Site "ITA"]
[Date "1996.??.??"]
[Round "3"]
[White "Tirabassi, Maurizio"]
[Black "Vancini, Edoardo"]
[WhiteElo "2330"]
[BlackElo "2280"]
[Result "0-1"]
[PlyCount "90"]
[EventDate "1996.02.25"]

1. c4 c5 2. Nc3 Nf6 3. g3 d5 4. cxd5 Nxd5 5. Bg2 Nc7 6. Nf3 Nc6 7. O-O e5 8. d3
Be7 9. b3 O-O 10. Bb2 Be6 11. Rc1 f6 12. Nd2 Qd7 13. a3 b6 14. Nce4 Nd5 15. Re1
Rad8 16. Qc2 Nd4 17. Qb1 Bg4 18. Kf1 Bh3 19. Nc3 Nf4 20. gxf4 Qg4 21. Bxh3
Qxh3+ 22. Kg1 exf4 23. f3 Nf5 24. Rf1 Ne3 25. Rf2 f5 26. Nf1 Bh4 27. Nxe3 Bxf2+
28. Kxf2 Qh4+ 29. Kg1 fxe3 30. Kh1 Rf6 31. Rg1 Rh6 32. Rg2 Rdd6 33. Qg1 Rdg6
34. Nd1 Rxg2 35. Qxg2 Rg6 36. Qf1 f4 37. Bc3 Rh6 38. Qg2 Rg6 39. Qf1 Qh5 40.
Nb2 b5 41. d4 c4 42. bxc4 bxc4 43. Bb4 a5 44. Bc5 Rh6 45. Qg2 Qh4 0-1

[Event "XXVIII C.to Italiano a squadre"]
[Site "ITA"]
[Date "1996.??.??"]
[Round "4"]
[White "Castelfranchi, Carlo"]
[Black "Satta, Vladimiro"]
[WhiteElo "2270"]
[BlackElo "2290"]
[Result "1/2-1/2"]
[PlyCount "124"]
[EventDate "1996.02.25"]

1. e4 e6 2. d4 d5 3. Nd2 Nf6 4. e5 Nfd7 5. Bd3 c5 6. c3 Nc6 7. Ngf3 cxd4 8.
cxd4 Qb6 9. O-O Nxd4 10. Nxd4 Qxd4 11. Nf3 Qb6 12. Qa4 Qb4 13. Qc2 Be7 14. a3
Qg4 15. Be3 Qh5 16. Rac1 O-O 17. Qc7 f6 18. Bb5 Rd8 19. Bc5 Qe8 20. Bxe7 Qxe7
21. Nd4 fxe5 22. Nxe6 Re8 23. Nc5 Nxc5 24. Rxc5 Qxc7 25. Rxc7 Rd8 26. Re7 e4
27. f3 Kf8 28. Re5 e3 29. Rxe3 Bd7 30. Bd3 g6 31. Re5 Bc6 32. Rfe1 Re8 33. Kf2
Kf7 34. Rxe8 Rxe8 35. Rxe8 Bxe8 36. Ke3 Ke6 37. Kd4 Kd6 38. h4 Ba4 39. h5 gxh5
40. Bxh7 h4 41. Bg8 Bb3 42. f4 b6 43. f5 Bc2 44. f6 Be4 45. f7 Ke7 46. f8=Q+
Kxf8 47. Bxd5 Bc2 48. Ke5 Ke7 49. b4 Bd3 50. Kf4 Kd6 51. Bf3 b5 52. Kg4 Ke5 53.
Kxh4 Kd4 54. Kg4 Kc3 55. Kf4 Kb2 56. Ke3 Bf1 57. Kd4 Kxa3 58. Kc5 a5 59. bxa5
b4 60. g4 Bd3 61. Kd4 b3 62. a6 Bxa6 1/2-1/2

[Event "XXVIII C.to Italiano a squadre"]
[Site "ITA"]
[Date "1996.??.??"]
[Round "4"]
[White "Corvi, Marco"]
[Black "Sibilio, Mario"]
[WhiteElo "2215"]
[BlackElo "2320"]
[Result "1/2-1/2"]
[PlyCount "85"]
[EventDate "1996.02.25"]

1. e4 d6 2. d4 Nf6 3. Nc3 Nc6 4. Be2 g6 5. h4 h6 6. Be3 Bg7 7. h5 g5 8. f3 a6
9. g4 e5 10. d5 Nd4 11. Qd2 c5 12. Nd1 Bd7 13. c3 Nb5 14. a4 Nc7 15. b4 cxb4
16. cxb4 O-O 17. Nb2 b5 18. a5 Rc8 19. Bd3 Re8 20. Ne2 Ncxd5 21. exd5 e4 22.
fxe4 Nxe4 23. Bxe4 Rxe4 24. Ra3 Qe7 25. Nd1 Bxg4 26. Nf2 Bxe2 27. Qxe2 Rc3 28.
Nxe4 Qxe4 29. Rxc3 Bxc3+ 30. Kd1 Qxh1+ 31. Kc2 Be5 32. Qg4 Kg7 33. Bxg5 hxg5
34. Qxg5+ Kh7 35. Qf5+ Kh6 36. Qxf7 Qe4+ 37. Kd1 Qd3+ 38. Kc1 Bc3 39. Qf4+ Kxh5
40. Qh2+ Kg4 41. Qg1+ Kh3 42. Qh2+ Kg4 43. Qf4+ 1/2-1/2

[Event "XXVIII C.to Italiano a squadre"]
[Site "ITA"]
[Date "1996.??.??"]
[Round "4"]
[White "Marinelli, Tullio"]
[Black "Ortega, Lexy"]
[WhiteElo "2415"]
[BlackElo "2490"]
[Result "1/2-1/2"]
[PlyCount "81"]
[EventDate "1996.02.25"]

1. d4 d5 2. c4 c6 3. Nf3 e6 4. e3 Nd7 5. Nbd2 f5 6. Bd3 Nh6 7. b3 Qf6 8. Bb2
Nc5 9. Qc2 Ne4 10. Ne5 Bb4 11. Bxe4 fxe4 12. Bc3 Bd6 13. f4 Nf5 14. Nf1 Bxe5
15. dxe5 Qh4+ 16. Qf2 h5 17. Qxh4 Nxh4 18. Kf2 b6 19. Ng3 Ba6 20. Rhd1 O-O-O
21. Rac1 Kb7 22. Bb2 Ng6 23. cxd5 cxd5 24. Ba3 h4 25. Ne2 Bxe2 26. Kxe2 Rc8 27.
Rxc8 Rxc8 28. Rc1 Rxc1 29. Bxc1 Ne7 30. g4 hxg3 31. hxg3 Nf5 32. Kf2 Nh6 33.
Kg2 Kc6 34. Kh3 d4 35. exd4 Nf5 36. g4 Nxd4 37. Kg2 Kd5 38. Kf2 g6 39. Be3 Nf3
40. a4 Nh2 41. Kg3 1/2-1/2

[Event "XXVIII C.to Italiano a squadre"]
[Site "ITA"]
[Date "1996.??.??"]
[Round "4"]
[White "Mariotti, Sergio"]
[Black "Arlandi, Ennio"]
[WhiteElo "2435"]
[BlackElo "2455"]
[Result "1-0"]
[PlyCount "81"]
[EventDate "1996.02.25"]

1. e4 c6 2. d3 d5 3. Nd2 g6 4. h4 dxe4 5. dxe4 Nf6 6. a4 Bg7 7. Bc4 O-O 8. Qe2
Qc7 9. c3 Nbd7 10. Ngf3 Nh5 11. g3 Ne5 12. Nxe5 Bxe5 13. Nf1 b5 14. Bb3 Rb8 15.
f4 Bh8 16. axb5 cxb5 17. e5 Ng7 18. h5 gxh5 19. Ne3 Be6 20. Bxe6 fxe6 21. Nc2
a5 22. Be3 b4 23. cxb4 axb4 24. Nd4 Rf7 25. Rc1 Qb7 26. Qf3 Qxf3 27. Nxf3 Nf5
28. Kf2 h4 29. g4 Nxe3 30. Kxe3 Rff8 31. Rxh4 Rbc8 32. Rhh1 Bg7 33. Ng5 Rxc1
34. Rxc1 Rb8 35. Rc7 Bf8 36. Nxe6 h6 37. Ke4 b3 38. Kf5 Kf7 39. g5 hxg5 40.
fxg5 Ra8 41. Rb7 1-0

[Event "XXVIII C.to Italiano a squadre"]
[Site "ITA"]
[Date "1996.??.??"]
[Round "4"]
[White "Sedina, Elena"]
[Black "Bellia, Fabrizio"]
[WhiteElo "2325"]
[BlackElo "2335"]
[Result "1/2-1/2"]
[PlyCount "108"]
[EventDate "1996.02.25"]

1. e4 e5 2. Nf3 Nc6 3. Bb5 a6 4. Bxc6 dxc6 5. O-O f6 6. d4 exd4 7. Nxd4 c5 8.
Nb3 Qxd1 9. Rxd1 Bg4 10. f3 Be6 11. Be3 b6 12. a4 Kf7 13. Nc3 Bd6 14. a5 c4 15.
Nd4 b5 16. f4 Ne7 17. h3 Rhe8 18. Kf2 Bd7 19. g4 Nc6 20. Nf5 Bxf5 21. gxf5 b4
22. e5 fxe5 23. Ne4 Rad8 24. Bc5 exf4 25. Nxd6+ cxd6 26. Bxd6 Re4 27. Bc7 Rxd1
28. Rxd1 Nd4 29. c3 bxc3 30. bxc3 Nxf5 31. Kf3 Re3+ 32. Kxf4 g6 33. Rb1 Rxc3
34. Rb6 Rb3 35. Rxa6 c3 36. Rc6 Ne7 37. Rc5 c2 38. Rxc2 Rxh3 39. Bd6 Nf5 40.
Bc5 Rh4+ 41. Kf3 Nd4+ 42. Bxd4 Rxd4 43. Ra2 Rd7 44. a6 Ra7 45. Kf4 Kf6 46. Ra5
h6 47. Kg4 Ke6 48. Ra1 Kd5 49. Kf4 Kc5 50. Ke5 g5 51. Kf5 Kb5 52. Rb1+ Ka5 53.
Ra1+ Kb6 54. Rb1+ Kxa6 1/2-1/2

[Event "XXVIII C.to Italiano a squadre"]
[Site "ITA"]
[Date "1996.??.??"]
[Round "5"]
[White "Arlandi, Ennio"]
[Black "Sibilio, Mario"]
[WhiteElo "2455"]
[BlackElo "2320"]
[Result "1/2-1/2"]
[PlyCount "77"]
[EventDate "1996.02.25"]

1. d4 Nf6 2. c4 Nc6 3. Nc3 e5 4. d5 Nb8 5. g3 c6 6. Bg2 cxd5 7. cxd5 d6 8. e4
Be7 9. Nge2 O-O 10. O-O Nbd7 11. h3 Ne8 12. Be3 b6 13. f4 Ba6 14. Qd2 Rc8 15.
f5 h6 16. h4 Nef6 17. Bf3 h5 18. a4 Qc7 19. Ra3 Qb7 20. Nb5 Rc4 21. Nec3 Nc5
22. b3 Rb4 23. Ne2 Rxe4 24. Bxc5 bxc5 25. Bxe4 Nxe4 26. Qd3 Nf6 27. Nec3 Qb6
28. Qc4 Bc8 29. Ra2 a6 30. Na3 Bd7 31. Rb2 Qa7 32. Kg2 Ng4 33. Rf3 Rc8 34. Ne4
Qa8 35. Rb1 Rc7 36. Rbf1 Qc8 37. Nc2 Qb7 38. Ne3 Nf6 39. Kg1 1/2-1/2

[Event "XXVIII C.to Italiano a squadre"]
[Site "ITA"]
[Date "1996.??.??"]
[Round "5"]
[White "Cecconi, Giovanni Alberto"]
[Black "Sciortino, Massimo"]
[WhiteElo "2103"]
[BlackElo "1984"]
[Result "0-1"]
[PlyCount "126"]
[EventDate "1996.02.25"]

1. g3 f5 2. Bg2 Nf6 3. d3 e5 4. Nf3 d6 5. O-O Be7 6. c4 O-O 7. Nc3 Kh8 8. Bd2
Qe8 9. Rc1 Qh5 10. Nd5 Bd8 11. Nxf6 Bxf6 12. Bc3 f4 13. b4 Nc6 14. Qd2 Bh3 15.
b5 Ne7 16. Rc2 Rae8 17. Qc1 Ng8 18. Re1 Nh6 19. Bh1 g5 20. Nd2 Ng4 21. Ne4 fxg3
22. Nxg3 Qh4 23. e3 Bg7 24. f3 Nxh2 25. Kxh2 Bg4+ 26. Kg1 Qxg3+ 27. Rg2 Qxf3
28. Rh2 Qf7 29. Bxb7 Bf3 30. Rf1 g4 31. Qe1 Qg6 32. Bc6 Bxc6 33. bxc6 Qxd3 34.
Rxf8+ Rxf8 35. Ba5 Qxc4 36. Bxc7 Qxc6 37. Ba5 Qe4 38. Bb4 Rb8 39. Rb2 Bh6 40.
Rb3 a5 41. Bd2 Rxb3 42. axb3 Qc2 43. Qf1 Kg7 44. Qg2 Qd1+ 45. Kh2 Qf3 46. Qxf3
gxf3 47. Kg3 e4 48. Kf2 Kf7 49. Bxa5 Bg7 50. Be1 Ke6 51. Kg3 d5 52. Bf2 Bc3 53.
Kf4 Be5+ 54. Kg5 Bd6 55. Kg4 Kf6 56. Bg1 h5+ 57. Kh4 Bb4 58. Bf2 Bd2 59. Kg3
Kf5 60. Kh3 Bc3 61. Kg3 Ke5 62. Kh3 d4 63. Bg3+ Kd5 0-1

[Event "XXVIII C.to Italiano a squadre"]
[Site "ITA"]
[Date "1996.??.??"]
[Round "5"]
[White "Efimov, Igor"]
[Black "Tirabassi, Maurizio"]
[WhiteElo "2455"]
[BlackElo "2330"]
[Result "1/2-1/2"]
[PlyCount "126"]
[EventDate "1996.02.25"]

1. d4 Nf6 2. Nf3 e6 3. c4 b6 4. Nc3 Bb4 5. Qb3 c5 6. Bf4 Na6 7. e3 cxd4 8. exd4
O-O 9. Be2 d5 10. O-O dxc4 11. Bxc4 Bd6 12. Ne5 Nc7 13. Rfe1 Bb7 14. Rad1 Nfd5
15. Bg3 Nxc3 16. bxc3 Bd5 17. Bxd5 exd5 18. c4 dxc4 19. Qxc4 Ne8 20. Nc6 Qf6
21. Be5 Bxe5 22. dxe5 Qe6 23. Qxe6 fxe6 24. Ne7+ Kh8 25. Rd7 Rf7 26. Red1 g5
27. Rb7 Rf4 28. Rdd7 Re4 29. f3 Rxe5 30. Nc6 Rc5 31. Rxh7+ Kg8 32. Nxa7 Rd8 33.
Rhd7 Rxd7 34. Rxd7 Rc1+ 35. Kf2 Rc2+ 36. Kg3 Rxa2 37. Nb5 Ng7 38. Nd4 Rd2 39.
Rd8+ Kf7 40. Nxe6 Nh5+ 41. Kg4 Rxg2+ 42. Kf5 Ng7+ 43. Nxg7 Kxg7 44. Rd7+ Kf8
45. Rd6 Rxh2 46. Rxb6 Rf2 47. Rf6+ Kg7 48. Kxg5 Ra2 49. Rf5 Ra6 50. Rb5 Kf7 51.
Rb7+ Kf8 52. f4 Kg8 53. Rc7 Kf8 54. Rd7 Kg8 55. Kf5 Kf8 56. Ke5 Kg8 57. Re7 Kf8
58. Re6 Ra7 59. f5 Kf7 60. Rf6+ Ke7 61. Rh6 Ra5+ 62. Kf4 Ra1 63. Rb6 Kf7
1/2-1/2

[Event "XXVIII C.to Italiano a squadre"]
[Site "ITA"]
[Date "1996.??.??"]
[Round "5"]
[White "Godena, Michele"]
[Black "Vezzosi, Paolo"]
[WhiteElo "2485"]
[BlackElo "2310"]
[Result "1/2-1/2"]
[PlyCount "21"]
[EventDate "1996.02.25"]

1. e4 e5 2. Nf3 Nc6 3. Bb5 a6 4. Bxc6 dxc6 5. Nc3 Qd6 6. d4 exd4 7. Qxd4 Bg4 8.
Be3 Ne7 9. Ne5 Be6 10. f4 Ng6 11. Nd3 1/2-1/2

[Event "XXVIII C.to Italiano a squadre"]
[Site "ITA"]
[Date "1996.??.??"]
[Round "5"]
[White "Iotti, Pierluigi"]
[Black "Micheli, Carlo"]
[WhiteElo "2285"]
[BlackElo "2295"]
[Result "1/2-1/2"]
[PlyCount "42"]
[EventDate "1996.02.25"]

1. d4 Nf6 2. Nf3 g6 3. c4 Bg7 4. Nc3 d6 5. e4 O-O 6. Be2 e5 7. d5 a5 8. Bg5 h6
9. Bh4 Na6 10. Nd2 Qe8 11. O-O Nd7 12. Bg4 Ndc5 13. Bxc8 Rxc8 14. Nb3 b6 15.
Nxc5 Nxc5 16. f3 f5 17. Bf2 Rf7 18. a3 Ra8 19. b3 h5 20. Qc2 Bf8 21. b4 Nd7
1/2-1/2

[Event "XXVIII C.to Italiano a squadre"]
[Site "ITA"]
[Date "1996.??.??"]
[Round "5"]
[White "Iotti, Pierluigi"]
[Black "Pieri, Filippo"]
[WhiteElo "2285"]
[BlackElo "2215"]
[Result "1-0"]
[PlyCount "49"]
[EventDate "1996.02.25"]

1. d4 Nf6 2. Nf3 c5 3. e3 g6 4. Bd3 Bg7 5. O-O O-O 6. Re1 Nc6 7. c3 d5 8. Nbd2
e5 9. Nxe5 Nxe5 10. dxe5 Ng4 11. f4 Qh4 12. Nf3 Qf2+ 13. Kh1 f6 14. exf6 Bxf6
15. Re2 Re8 16. h3 d4 17. hxg4 Qg3 18. g5 Bg7 19. cxd4 cxd4 20. e4 h6 21. Qe1
Qg4 22. gxh6 Bf6 23. e5 Be7 24. Nh2 Qh5 25. Qg3 1-0

[Event "XXVIII C.to Italiano a squadre"]
[Site "ITA"]
[Date "1996.??.??"]
[Round "5"]
[White "Lucaroni, Massimiliano"]
[Black "D'Amore, Carlo"]
[WhiteElo "2260"]
[BlackElo "2460"]
[Result "0-1"]
[PlyCount "156"]
[EventDate "1996.02.25"]

1. e4 e5 2. Bc4 Nf6 3. d3 h6 4. Nc3 Bc5 5. f4 d6 6. f5 c6 7. Qf3 b5 8. Bb3 a5
9. a3 Qb6 10. Nge2 a4 11. Ba2 h5 12. g3 Bb7 13. h3 Nbd7 14. Bd2 b4 15. axb4
Bxb4 16. Kf1 d5 17. Kg2 Nc5 18. Be3 d4 19. Nxd4 exd4 20. Bxd4 Qd8 21. Bxc5 Bxc5
22. e5 Nd5 23. Ne4 Ne3+ 24. Kf2 Ng4+ 25. Kg2 Ne3+ 26. Kf2 Ba7 27. Nd6+ Kf8 28.
Nxb7 Qb6 29. Nd6 Nxc2+ 30. Kg2 Nxa1 31. Nc4 Qd4 32. Rxa1 a3 33. Qxc6 Rd8 34.
Qb7 axb2 35. Rf1 Qd5+ 36. Qxd5 Rxd5 37. e6 Bd4 38. Re1 fxe6 39. fxe6 Ke7 40.
Nxb2 Bxb2 41. Bxd5 Rc8 42. Bc4 Rb8 43. Rb1 Rb6 44. g4 hxg4 45. hxg4 Bd4 46. Rf1
Rb2+ 47. Kf3 Bf6 48. Rh1 Be5 49. Rh5 Bf6 50. Ra5 Rb7 51. Ke4 Bc3 52. Rf5 Kd6
53. d4 Rc7 54. Kd3 Be1 55. Rb5 Bg3 56. Rb6+ Ke7 57. Bb3 Ra7 58. Ke4 Bc7 59. Rc6
Bd6 60. d5 Rb7 61. Bc4 g6 62. Ra6 Rc7 63. Bb5 Rb7 64. Bc6 Rb4+ 65. Kf3 Rb3+ 66.
Ke4 Kf6 67. Ba4 Rb4+ 68. Kf3 Ke5 69. Bc6 Rb3+ 70. Ke2 Ra3 71. Rb6 Ra2+ 72. Kd3
Ra3+ 73. Kc2 Ra2+ 74. Kb1 Ra7 75. Rb2 Kf4 76. Bd7 Ke5 77. Bc6 Re7 78. Re2+
78... Kf4 {...} 0-1

[Event "XXVIII C.to Italiano a squadre"]
[Site "ITA"]
[Date "1996.??.??"]
[Round "5"]
[White "Malloni, Marcello"]
[Black "Marinelli, Tullio"]
[WhiteElo "2230"]
[BlackElo "2415"]
[Result "0-1"]
[PlyCount "52"]
[EventDate "1996.02.25"]

1. d4 Nf6 2. Nf3 e6 3. Bg5 c5 4. e3 Be7 5. Nbd2 b6 6. Bd3 Bb7 7. O-O Nc6 8. c3
Nd5 9. Bxe7 Qxe7 10. Re1 O-O 11. Bf1 d6 12. e4 Nf4 13. d5 Ne5 14. Nxe5 dxe5 15.
g3 Ng6 16. dxe6 fxe6 17. Qg4 Qf6 18. f3 Rad8 19. Rad1 Rd6 20. Be2 Rfd8 21. Nf1
Rxd1 22. Rxd1 Rxd1 23. Bxd1 Nf8 24. Be2 Qh6 25. Bc4 Bc6 26. Qh3 Qxh3 0-1

[Event "XXVIII C.to Italiano a squadre"]
[Site "ITA"]
[Date "1996.??.??"]
[Round "5"]
[White "Marinelli, Tullio"]
[Black "Malloni, Marcello"]
[WhiteElo "2415"]
[BlackElo "2230"]
[Result "0-1"]
[PlyCount "94"]
[EventDate "1996.02.25"]

1. d4 e6 2. c4 Nf6 3. Nc3 Bb4 4. Qc2 O-O 5. a3 Bxc3+ 6. Qxc3 b6 7. Bg5 Bb7 8.
f3 d6 9. e4 c5 10. d5 Nbd7 11. Nh3 h6 12. Be3 exd5 13. cxd5 a6 14. O-O-O Re8
15. Kb1 Ne5 16. Bc1 Bc8 17. Nf2 Bd7 18. h3 a5 19. f4 Ng6 20. f5 Nxe4 21. Nxe4
Bxf5 22. Ka1 Bxe4 23. Bb5 Re5 24. Rhe1 Ra7 25. g4 Qh4 26. b3 Rae7 27. Bb2 Bg2
28. Re3 f6 29. Rg3 Nf4 30. Rg1 Bxd5 31. Qd2 Re4 32. Bd3 Nxd3 33. Qxd3 Bf7 34.
Qxd6 Re1+ 35. Bc1 Qg5 36. Qd8+ Kh7 37. Qd3+ Bg6 38. Qc3 Rxg1 39. Rxg1 Qd5 40.
Bb2 Re2 41. h4 Rc2 42. Qe3 a4 43. bxa4 Rd2 44. Qc3 Bf7 45. Kb1 Qa2+ 46. Kc1 Rd4
47. Qe3 Bg6 0-1

[Event "XXVIII C.to Italiano a squadre"]
[Site "ITA"]
[Date "1996.??.??"]
[Round "5"]
[White "Rossi, Carlo"]
[Black "Anceschi, Vittorio"]
[WhiteElo "2320"]
[BlackElo "2285"]
[Result "1/2-1/2"]
[PlyCount "27"]
[EventDate "1996.02.25"]

1. Nf3 d5 2. g3 g6 3. Bg2 Bg7 4. O-O Nf6 5. d3 O-O 6. Nbd2 c6 7. e4 dxe4 8.
dxe4 Na6 9. Re1 Nc5 10. Qe2 Qc7 11. e5 Nd5 12. Qc4 Ne6 13. a3 b5 14. Qh4
1/2-1/2

[Event "XXVIII C.to Italiano a squadre"]
[Site "ITA"]
[Date "1996.??.??"]
[Round "5"]
[White "Tirabassi, Maurizio"]
[Black "Belotti, Bruno"]
[WhiteElo "2330"]
[BlackElo "2390"]
[Result "1/2-1/2"]
[PlyCount "34"]
[EventDate "1996.02.25"]

1. c4 g6 2. Nc3 Bg7 3. d4 Nf6 4. e4 d6 5. f3 O-O 6. Be3 c5 7. Nge2 Nc6 8. Qd2
a6 9. Rd1 Qa5 10. a3 e5 11. dxc5 dxc5 12. Nd5 Qxd2+ 13. Bxd2 Nxd5 14. cxd5 Nd4
15. Nxd4 cxd4 16. Bd3 Bd7 17. Rc1 Rfc8 1/2-1/2

[Event "XXVIII C.to Italiano a squadre"]
[Site "ITA"]
[Date "1996.??.??"]
[Round "5"]
[White "Vallifuoco, Giacomo"]
[Black "Castelfranchi, Carlo"]
[WhiteElo "2395"]
[BlackElo "2270"]
[Result "1-0"]
[PlyCount "81"]
[EventDate "1996.02.25"]

1. d4 Nf6 2. c4 g6 3. Nc3 d5 4. Nf3 Bg7 5. Bg5 Ne4 6. cxd5 Nxg5 7. Nxg5 e6 8.
Nf3 exd5 9. e3 O-O 10. Be2 Be6 11. O-O Nd7 12. b4 a5 13. b5 c5 14. bxc6 bxc6
15. Rc1 c5 16. dxc5 Nxc5 17. Nd4 Rc8 18. Bf3 Qd7 19. Qd2 Rfd8 20. Rfd1 Bg4 21.
Bxg4 Qxg4 22. h3 Qh5 23. Nde2 Bxc3 24. Nxc3 Ne4 25. Nxe4 dxe4 26. Qxd8+ Rxd8
27. Rxd8+ Kg7 28. Rd4 Qe2 29. a4 Qb2 30. Rcd1 Qc2 31. g3 h6 32. R1d2 Qc6 33.
Kg2 h5 34. h4 Qc3 35. Rd5 f5 36. Rd7+ Kh6 37. R2d6 f4 38. gxf4 Qc2 39. Rd2 Qxa4
40. Re7 Qa1 41. Rdd7 1-0

[Event "XXVIII C.to Italiano a squadre"]
[Site "ITA"]
[Date "1996.??.??"]
[Round "5"]
[White "Verrascina, Roberto"]
[Black "Ortega, Lexy"]
[WhiteElo "2225"]
[BlackElo "2490"]
[Result "0-1"]
[PlyCount "84"]
[EventDate "1996.02.25"]

1. Nf3 d6 2. d4 Bg4 3. g3 Bxf3 4. exf3 e6 5. Bg2 c6 6. c3 d5 7. f4 Bd6 8. Nd2
a5 9. a4 Ne7 10. Nf3 Na6 11. O-O O-O 12. b3 b5 13. Ne5 Rb8 14. Qe2 Nc7 15. Be3
Qc8 16. Rfc1 Rd8 17. axb5 Rxb5 18. Qc2 Qb7 19. Rcb1 f6 20. Nf3 Rb8 21. Nd2 Nf5
22. Bf1 Rb6 23. Rxa5 Nb5 24. b4 Nxc3 25. Qxc3 Bxb4 26. Rxb4 Rxb4 27. Bd3 Nd6
28. Qc5 Qc7 29. Qc2 Qxa5 30. Bxh7+ Kf8 31. f5 Rb2 32. Qxc6 Qb6 33. Qd7 Rd8 34.
Qxe6 Re8 35. Qg8+ Ke7 36. Qxd5 Kd7 37. Qf3 Qb4 38. Nf1 Qc4 39. Kg2 Qd3 40. Bg6
Re7 41. Bh7 Rb1 42. Nd2 Rxe3 0-1